Priority modelu trvalej udržateľnosti Európskej únie
Dialógy a negociácie o modeli Európskej únii. Tvorba modelu EÚ- teoretické prístupy. Priorita trvalej udržateľnosti prirodzeného prírastku obyvateľstva.
Gespeichert in:
| 1. Verfasser: | |
|---|---|
| Format: | Buchkapitel |
| Sprache: | Slowakisch |
| Schlagworte: | |
| Tags: |
Keine Tags, Fügen Sie das erste Tag hinzu!
|
MARC
| LEADER | 00000naa$a2200000$$$4500 | ||
|---|---|---|---|
| 001 | 0055719 | ||
| 005 | 20220718123431.1 | ||
| 041 | 0 | |a slo | |
| 044 | |a SK | ||
| 245 | 1 | 0 | |a Priority modelu trvalej udržateľnosti Európskej únie |c Koloman Ivanička |
| 520 | |a Dialógy a negociácie o modeli Európskej únii. Tvorba modelu EÚ- teoretické prístupy. Priorita trvalej udržateľnosti prirodzeného prírastku obyvateľstva. | ||
| 610 | 2 | 0 | |a Európska únia |
| 610 | 2 | 0 | |a prírastok obyvateľstva |
| 610 | 2 | 0 | |a rozvoj trvalo udržateľný |
| 610 | 2 | 0 | |a integrácia ekonomická medzinárodná |
| 100 | 1 | |a Ivanička, Koloman | |